Govt. of
Madhya Pradesh

Modern Peots on Modern Poetry (Record no. 37677)

MARC details
000 -LEADER
fixed length control field 004320000a22001690004500
003 - CONTROL NUMBER IDENTIFIER
control field MACL
005 - DATE AND TIME OF LATEST TRANSACTION
control field 20160105162321.0
008 - FIXED-LENGTH DATA ELEMENTS--GENERAL INFORMATION
fixed length control field 160105b xxu||||| |||| 00| 0 eng d
040 ## - CATALOGING SOURCE
Original cataloging agency MACL
Transcribing agency MACL
041 ## - LANGUAGE CODE
Language code of text/sound track or separate title English
082 ## - DEWEY DECIMAL CLASSIFICATION NUMBER
Classification number 821/SUC
100 ## - MAIN ENTRY--PERSONAL NAME
Personal name Scully, James
9 (RLIN) 28244
245 ## - TITLE STATEMENT
Title Modern Peots on Modern Poetry
260 ## - PUBLICATION, DISTRIBUTION, ETC. (IMPRINT)
Name of publisher, distributor, etc. Collins, Fontana Library
Date of publication, distribution, etc. 1966
Place of publication, distribution, etc. London
650 ## - SUBJECT ADDED ENTRY--TOPICAL TERM
Topical term or geographic name as entry element poetries
9 (RLIN) 28245
942 ## - ADDED ENTRY ELEMENTS (KOHA)
Koha item type Books
Call number prefix 821/SCU
Source of classification or shelving scheme
Holdings
Withdrawn status Lost status Source of classification or shelving scheme Damaged status Not for loan Home library Current library Date acquired Total Checkouts Full call number Barcode Date last seen Uniform Resource Identifier Price effective from Koha item type
          MACL MACL 15/04/2015   821/SCU CLE015522 29/04/2015 37891 15/04/2015 Books